000 00811nam a2200193 a 4500
001 000045814
005 20201002052447.0
008 150515s1989 sp a 000 0 spa d
020 _a8471516039
040 _aDO-SdBNP
_bspa
_cBNPHU
082 _axxxx
_bxxxx
100 1 _aBeck, Eleonore
_973893
245 1 0 _aDios habla a sus hijos :
_btextos bíblicos /
_c[textos, Eleonore Beck ; dibujos Miren Sorne ; traducción Constantino Ruiz-Garrido].
260 _aNavarra, España :
_bVerbo Divino,
_c1989.
300 _a96 p. :
_bil. ;
_c19 cm.
500 _aEdición ofrecida por ayuda a la iglesia necesitada, como aporte al fortalecimiento de la fe, con motivo del V Centenario de la Evangelización de América Latina.
700 1 2 _aSorne, Miren,
_edibj.
_973894
700 1 2 _aRuiz-Garrido, Constantino,
_etr.
_953096
999 _c45303
_d45303